000 00353pab a2200145 454500
008 180718b1989 xxu||||| |||| 00| 0 eng d
100 _aGranzer, Randolf
245 _aThe energy impediment to China's growth
260 _c1989
300 _a9-14
362 _aApr.-May
650 _aEnergy Resources - China
773 _aOECD Observer
909 _a7552
999 _c7552
_d7552